000 00393nam a2200181Ia 4500
005 20240823052152.0
008 240823s9999||||xx |||||||||||||| ||und||
041 _aTAMIL
082 _A954 P8
100 _aBanumathi V
245 0 _aGanapoor entta Kalayar koil
250 _a1st
260 _c2008
_bNal
500 _aYES
650 _aGeneral
_bGeneral
942 _cBK
999 _c221241
_d221241